| 000 | 00655nam a2200217Ii 4500 | ||
|---|---|---|---|
| 003 | JO-AjNU | ||
| 008 | 230606s9999||||xx |||||||||||||| ||und|| | ||
| 020 | _a13:978-0-495-59521-2 / 10:0-459-59521-7 | ||
| 040 |
_aJO-AjNU _beng _erda _cJO-AjNU |
||
| 041 | _aeng | ||
| 050 | 1 | 4 | _aBF637.C6.C547.2009 |
| 100 | 3 |
_aCorey,Gerald, _eauthor _9675 |
|
| 245 | 0 | 0 | _aTheory and Practice of Counseling and Psychotherapy |
| 250 | _aEighth Edition | ||
| 264 | 3 | 1 | _aAustralia:Books Cole,2009 |
| 300 | _a519p | ||
| 336 |
_atext _btxt _2rdacontent |
||
| 337 |
_aunmediated _bn _2rdamedia |
||
| 338 |
_avolume _bnc _2rdacarrier |
||
| 650 | 4 |
_aCounseling-Psychotherapy _9676 |
|
| 999 |
_aE356 _c356 _d356 |
||